Songs from the First Line(s) - 2005 - Statistics

General Stats
  • This quiz has been taken 109 times
  • The average score is 12 of 30
Answer Stats
Hint Answer % Correct
Songs She take my money when I'm in need / Yeah, she's a triflin' friend indeed / Oh, she's a gold digger / Song Gold Digger
89%
Songs She take my money when I'm in need / Yeah, she's a triflin' friend indeed / Oh, she's a gold digger / Artist(s) Kanye West / Jamie Foxx
87%
Songs Summer has come and passed / The innocent can never last / Wake me up when September ends Artist(s) Green Day
73%
Songs Summer has come and passed / The innocent can never last / Wake me up when September ends Song Wake Me Up When September Ends
72%
Songs Hailie, I know you miss your mom, and I know you miss your dad / When I'm gone but I'm trying to give you the life that I never had Artist(s) Eminem
71%
Songs They see me rolling / They hating / Patrolling they trying to catch me riding dirty Song Ridin'
58%
Songs A few times I've been around that track / So it's not just gonna happen like that Song Hollaback Girl
49%
Songs Hailie, I know you miss your mom, and I know you miss your dad / When I'm gone but I'm trying to give you the life that I never had Song Mockingbird
48%
Songs A few times I've been around that track / So it's not just gonna happen like that Artist(s) Gwen Stefani
45%
Songs My life is brilliant / My love is pure / I saw an angel / Of that I'm sure / She smiled at me on the subway Artist(s) James Blunt
44%
Songs Gotta change my answering machine / Now that I'm alone/ 'Cause right now it says that we / Can't come to the phone Artist(s) Ne-Yo
44%
Songs My life is brilliant / My love is pure / I saw an angel / Of that I'm sure / She smiled at me on the subway Song You're Beautiful
44%
Songs Where is the moment we needed the most / You kick up the leaves and the magic is lost Song Bad Day
42%
Songs Well woman the way the time cold I wanna be keepin' you warm / I got the right temperature for shelter you from the storm Artist(s) Sean Paul
39%
Songs Well woman the way the time cold I wanna be keepin' you warm / I got the right temperature for shelter you from the storm Song Temperature
39%
Songs Ring ding ding daa baa / Baa aramba baa bom baa barooumba / Wh-wha-what's going on-on? / Ding, ding Artist(s) Crazy Frog
36%
Songs Where is the moment we needed the most / You kick up the leaves and the magic is lost Artist(s) Daniel Powter
36%
Songs City's breaking down on a camel's back / They just have to go 'cause they don't know wack Artist(s) Gorillaz
32%
Songs They see me rolling / They hating / Patrolling they trying to catch me riding dirty Artist(s) Chamillionaire / Krayzie Bone
29%
Songs City's breaking down on a camel's back / They just have to go 'cause they don't know wack Song Feel Good Inc.
29%
Songs Yeah, I woke up in the middle of the night / And I noticed my girl wasn't by my side / Could've sworn I was dreamin' Artist(s) Akon
26%
Songs I will not make the same mistakes that you did / I will not let myself / 'Cause my heart so much misery Artist(s) Kelly Clarkson
26%
Songs Yeah, I woke up in the middle of the night / And I noticed my girl wasn't by my side / Could've sworn I was dreamin' Song Lonely
26%
Songs Ring ding ding daa baa / Baa aramba baa bom baa barooumba / Wh-wha-what's going on-on? / Ding, ding Song Axel F
22%
Songs I will not make the same mistakes that you did / I will not let myself / 'Cause my heart so much misery Song Because Of You
22%
Songs Gotta change my answering machine / Now that I'm alone/ 'Cause right now it says that we / Can't come to the phone Song So Sick
16%
Songs She was drivin' last Friday on the way to Cincinnati / On a snow-white Christmas Eve Artist(s) Carrie Underwood
9%
Songs Let me know that I've done wrong / When I've known this all along / I go around a time or two / Just to waste my time with you Song Dirty Little Secret
9%
Songs Let me know that I've done wrong / When I've known this all along / I go around a time or two / Just to waste my time with you Artist(s) The All-American Rejects
9%
Songs She was drivin' last Friday on the way to Cincinnati / On a snow-white Christmas Eve Song Jesus Take The Wheel
8%
No matching quizzes found
Score Distribution
Percent of People with Each Score
Percentile by Number Answered
Your Score History
You have not taken this quiz